[Event "Chicago op 34th"]
[Site "Chicago"]
[Date "2025.05.23"]
[Round "2"]
[White "Narayanan, Samrug"]
[Black "Ochirbat, Lkhagvajamts"]
[Result "1-0"]
[WhiteElo "2432"]
[BlackElo "2286"]
[PlyCount "145"]
[EventDate "2025.05.22"]
[EventType "swiss"]
[EventRounds "9"]
[EventCountry "USA"]
[SourceTitle "CB23_2025"]
[SourceDate "2025.06.04"]
[SourceVersion "1"]
[SourceVersionDate "2025.06.04"]
[SourceQuality "1"]

1. e4 e6 2. d4 d5 3. Nd2 Nf6 4. e5 Nfd7 5. Bd3 c5 6. c3 Nc6 7. Ne2 cxd4 8. cxd4 f6 9. exf6 Nxf6 10. Nf3 Bd6 11. 0-0 Qc7 12. h3 0-0 13. Be3 Bd7 14. Re1 Nh5 15. Nc3 a6 16. Rc1 h6 17. Bb1 Rac8 18. Nh4 Nf6 19. Ng6 Rf7 20. f4 Qd8 21. Bf2 Ne7 22. Ne5 Rf8 23. g4 Be8 24. Bh4 Qb6 25. Qd3 Bxe5 26. fxe5 Bg6 27. Qd2 Bxb1 28. exf6 Ng6 29. Bg3 Be4 30. h4 e5 31. Nxe4 Rxc1 32. Qxc1 dxe4 33. Qc4+ Kh7 34. h5 Nf4 35. fxg7 Kxg7 36. Rxe4 Qxb2 37. Bxf4 Rxf4 38. Rxf4 exf4 39. Qc7+ Kg8 40. Qc8+ Kf7 41. Qd7+ Kf8 42. Qd6+ Ke8 43. Qxf4 Qa1+ 44. Kg2 Qxa2+ 45. Kf3 a5 46. Qb8+ Ke7 47. Qxb7+ Ke8 48. Qc6+ Ke7 49. Qxh6 a4 50. Qg5+ Kf8 51. Qc5+ Kg8 52. Qg5+ Kf8 53. Qh6+ Ke7 54. Qe3+ Kf8 55. Qd3 Qf7+ 56. Ke3 Qe6+ 57. Kf3 Qf6+ 58. Ke2 Qe6+ 59. Kd2 Qxg4 60. Qa3+ Kf7 61. Qxa4 Qxh5 62. Qd7+ Kf6 63. Qc6+ Ke7 64. Kc3 Kd8 65. Kb4 Qh4 66. Qd6+ Kc8 67. Kb5 Qf2 68. Qe6+ Kc7 69. Qe7+ Kc8 70. Kc5 Qc2+ 71. Kd6 Qc3 72. Qe8+ Kb7 73. Qb5+ 1-0

[Event "Titled Tuesday intern op 04th Feb Late"]
[Site "Chess.com INT"]
[Date "2025.02.04"]
[Round "4"]
[White "Decker, Thomas"]
[Black "Ochirbat, Lkhagvajamts"]
[Result "1-0"]
[WhiteElo "2299"]
[BlackElo "2286"]
[PlyCount "53"]
[EventDate "2025.02.04"]
[EventType "swiss (blitz)"]
[EventRounds "11"]
[EventCountry "USA"]
[SourceTitle "CB07_2025"]
[SourceDate "2025.02.12"]
[SourceVersion "1"]
[SourceVersionDate "2025.02.12"]
[SourceQuality "1"]

1. d4 Nf6 2. c4 e6 3. Nf3 b6 4. a3 Bb7 5. Nc3 Ne4 6. Nxe4 Bxe4 7. Bf4 Be7 8. e3 0-0 9. Bd3 Bb7 10. h4 f5 11. h5 d6 12. Rg1 Nd7 13. g4 fxg4 14. Rxg4 Nf6 15. Rg1 Qe8 16. h6 g6 17. Ng5 Nh5 18. Nxe6 Nxf4 19. Nxf4 Rxf4 20. exf4 Bg5+ 21. Kf1 Bxf4 22. Qg4 Qf7 23. Re1 Rf8 24. d5 Bc8 25. Qf3 Bxh6 26. Qxf7+ Kxf7 27. Rh1 1-0

[Event "Titled Tuesday intern op 21st Jan Late"]
[Site "Chess.com INT"]
[Date "2025.01.21"]
[Round "3"]
[White "Fernandez Estremera, Fernando"]
[Black "Ochirbat, Lkhagvajamts"]
[Result "0-1"]
[WhiteElo "2127"]
[BlackElo "2271"]
[PlyCount "86"]
[EventDate "2025.01.21"]
[EventType "swiss (blitz)"]
[EventRounds "11"]
[EventCountry "USA"]
[SourceTitle "CB05_2025"]
[SourceDate "2025.01.29"]
[SourceVersion "1"]
[SourceVersionDate "2025.01.29"]
[SourceQuality "1"]

1. d4 Nf6 2. c4 e6 3. Nc3 Bb4 4. f3 c5 5. d5 Nh5 6. Nh3 f5 7. Bg5 Qa5 8. Bd2 d6 9. a3 Bxc3 10. Bxc3 Qd8 11. e3 e5 12. f4 Nf6 13. fxe5 dxe5 14. Bxe5 0-0 15. Be2 Re8 16. Bc3 Rxe3 17. 0-0 Nbd7 18. Nf4 Nf8 19. Qd2 Re8 20. Bd3 Ne4 21. Bxe4 Rxe4 22. Rae1 Qe8 23. Ne6 Bxe6 24. Rxe4 fxe4 25. dxe6 Qxe6 26. Qg5 Ng6 27. Qxc5 Rd8 28. Qxa7 Qc6 29. c5 e3 30. Qb6 Qe8 31. Qxb7 Ne7 32. Qe4 Nd5 33. Qxe8+ Rxe8 34. Re1 e2 35. Kf2 Nf4 36. Kf3 g5 37. g3 Nd3 38. Rxe2 g4+ 39. Kxg4 Rxe2 40. c6 Re6 41. c7 Rc6 42. Ba5 Nxb2 43. Kf5 Nc4 0-1

[Event "Schaumburg Just op 41st"]
[Site "Schaumburg"]
[Date "2025.01.05"]
[Round "4"]
[White "Macenis, Audrius"]
[Black "Ochirbat, Lkhagvajamts"]
[Result "0-1"]
[WhiteElo "2122"]
[BlackElo "2271"]
[PlyCount "48"]
[EventDate "2025.01.03"]
[EventType "swiss"]
[EventRounds "5"]
[EventCountry "USA"]
[SourceTitle "CB02_2025"]
[SourceDate "2025.01.08"]
[SourceVersion "1"]
[SourceVersionDate "2025.01.08"]
[SourceQuality "1"]

1. e4 e6 2. d4 d5 3. Nd2 Nf6 4. e5 Nfd7 5. Bd3 c5 6. c3 Nc6 7. Ne2 cxd4 8. cxd4 f6 9. exf6 Nxf6 10. Nf3 Bd6 11. 0-0 Qc7 12. Bg5 0-0 13. Rc1 Bd7 14. Nc3 a6 15. Re1 Ng4 16. h3 Bh2+ 17. Kf1 Nxf2 18. Kxf2 Qg3+ 19. Kf1 Qxg5 20. Ne2 Rxf3+ 21. gxf3 e5 22. dxe5 Rf8 23. Bxh7+ Kxh7 24. Qxd5 Nxe5 0-1

[Event "Schaumburg Just op 41st"]
[Site "Schaumburg"]
[Date "2025.01.04"]
[Round "3"]
[White "Ochirbat, Lkhagvajamts"]
[Black "Malladi, Sadkrith"]
[Result "1-0"]
[WhiteElo "2271"]
[BlackElo "1985"]
[PlyCount "147"]
[EventDate "2025.01.03"]
[EventType "swiss"]
[EventRounds "5"]
[EventCountry "USA"]
[SourceTitle "CB02_2025"]
[SourceDate "2025.01.08"]
[SourceVersion "1"]
[SourceVersionDate "2025.01.08"]
[SourceQuality "1"]

1. d4 e6 2. c4 f5 3. Nf3 Nf6 4. Nc3 Bb4 5. Bd2 b6 6. e3 Bb7 7. Bd3 0-0 8. 0-0 Bxc3 9. Bxc3 Ne4 10. Be1 d6 11. Nd2 Nxd2 12. Bxd2 Nd7 13. b4 Qg5 14. f3 e5 15. Qe1 Rae8 16. Qf2 Nf6 17. Bc2 Nh5 18. Rae1 f4 19. exf4 Nxf4 20. Kh1 Qh5 21. Qg3 Kh8 22. dxe5 dxe5 23. Bc3 Rf6 24. Re3 Ree6 25. Rd1 Rf8 26. Rde1 Ng6 27. Bxe5 Nxe5 28. Rxe5 Rxe5 29. Rxe5 Qh6 30. Qe1 Qf4 31. Re8 g6 32. Rxf8+ Qxf8 33. Qe5+ Kg8 34. c5 Qg7 35. Bb3+ Kf8 36. Qf4+ Ke8 37. h4 Qe7 38. Ba4+ c6 39. Bb3 Bc8 40. Qd4 bxc5 41. bxc5 Be6 42. Bxe6 Qxe6 43. Qh8+ Kf7 44. Qxh7+ Kf6 45. Qh8+ Kf7 46. a3 Qc4 47. Qe5 Qxh4+ 48. Kg1 Qa4 49. Qe3 Qd1+ 50. Kf2 Qc2+ 51. Kg3 Qb2 52. Qf4+ Kg7 53. Qc7+ Kh6 54. Qxc6 Qe5+ 55. f4 Qe1+ 56. Kg4 Qe2+ 57. Qf3 Qe6+ 58. Kg3 Qe1+ 59. Kh2 Qc1 60. Qh3+ Kg7 61. Qd7+ Kh6 62. Qd4 Kh7 63. a4 a5 64. Kg3 Qe1+ 65. Qf2 Qc3+ 66. Kh2 Qc4 67. Qh4+ Kg7 68. Qe7+ Kh6 69. Qf6 Kh7 70. c6 Qxa4 71. Qf7+ Kh6 72. c7 Qc6 73. Qf8+ Kh7 74. c8Q 1-0

[Event "Illinois op"]
[Site "Naperville"]
[Date "2024.09.02"]
[Round "7"]
[White "Feng, Jay"]
[Black "Ochirbat, Lkhagvajamts"]
[Result "0-1"]
[WhiteElo "1845"]
[BlackElo "2300"]
[PlyCount "56"]
[EventDate "2024.08.30"]
[EventType "swiss"]
[EventRounds "7"]
[EventCountry "USA"]
[SourceTitle "EXT 2025"]
[Source "ChessBase"]
[SourceDate "2024.10.14"]
[SourceVersion "1"]
[SourceVersionDate "2024.10.14"]
[SourceQuality "1"]

1. e4 e6 2. d4 d5 3. e5 c5 4. c3 Nc6 5. Nf3 Bd7 6. Be2 Nge7 7. Na3 cxd4 8. cxd4 Nf5 9. Nc2 Be7 10. 0-0 Rc8 11. b3 Qb6 12. Bb2 0-0 13. Qd2 a5 14. Bc3 Rc7 15. Rfc1 Rfc8 16. g4 Nh6 17. h3 Kh8 18. Kg2 Ng8 19. Nfe1 f6 20. f4 fxe5 21. fxe5 Be8 22. Bd3 Nb4 23. Nxb4 Rxc3 24. Nxd5 Bc6 25. Rxc3 Bxd5+ 26. Kg3 Bb4 27. Bc4 Qc7 28. a4 Nf6 0-1

[Event "Titled Tuesday intern op 30th Jul Late"]
[Site "Chess.com INT"]
[Date "2024.07.30"]
[Round "7"]
[White "Ismayil, Malak"]
[Black "Ochirbat, Lkhagvajamts"]
[Result "0-1"]
[WhiteElo "2157"]
[BlackElo "2282"]
[PlyCount "62"]
[EventDate "2024.07.30"]
[EventType "swiss (blitz)"]
[EventRounds "11"]
[EventCountry "USA"]
[SourceTitle "EXT 2025"]
[Source "ChessBase"]
[SourceDate "2024.10.14"]
[SourceVersion "1"]
[SourceVersionDate "2024.10.14"]
[SourceQuality "1"]

1. e4 e6 2. d4 d5 3. Nd2 dxe4 4. Nxe4 Nd7 5. Bd3 Ngf6 6. Bg5 Be7 7. Bxf6 Nxf6 8. Nxf6+ Bxf6 9. Nf3 0-0 10. Qe2 c5 11. Qe4 g6 12. h4 cxd4 13. 0-0 Bg7 14. h5 Qd6 15. Rad1 f5 16. Qh4 Bf6 17. Qh3 g5 18. g4 Qf4 19. Nh2 Bd7 20. Rfe1 Rac8 21. b3 Be5 22. Re2 Kh8 23. Rde1 Bd6 24. Bc4 e5 25. Qg2 e4 26. Nf1 b5 27. Bd5 Rc5 28. Bb7 d3 29. cxd3 exd3 30. Rc2 dxc2 31. Ne3 c1Q 0-1

[Event "Titled Tuesday intern op 30th Jul Late"]
[Site "Chess.com INT"]
[Date "2024.07.30"]
[Round "3"]
[White "Lintchevski, Daniil"]
[Black "Ochirbat, Lkhagvajamts"]
[Result "1-0"]
[WhiteElo "2532"]
[BlackElo "2282"]
[PlyCount "41"]
[EventDate "2024.07.30"]
[EventType "swiss (blitz)"]
[EventRounds "11"]
[EventCountry "USA"]
[SourceTitle "EXT 2025"]
[Source "ChessBase"]
[SourceDate "2024.10.14"]
[SourceVersion "1"]
[SourceVersionDate "2024.10.14"]
[SourceQuality "1"]

1. e4 e6 2. d4 d5 3. Nc3 dxe4 4. Nxe4 Nd7 5. Nf3 Ngf6 6. Nxf6+ Nxf6 7. Ne5 Be7 8. Bd3 0-0 9. Be3 c5 10. c3 cxd4 11. Bxd4 Qd5 12. Qe2 b6 13. 0-0-0 Qxa2 14. Nc6 Bc5 15. Bxf6 gxf6 16. Bxh7+ Kxh7 17. Qh5+ Kg7 18. Qg4+ Kh7 19. Rd3 Qa1+ 20. Kc2 Qa4+ 21. Qxa4 1-0

[Event "World op 52nd"]
[Site "Philadelphia"]
[Date "2024.07.05"]
[Round "4"]
[White "Yanayt, Eugene"]
[Black "Ochirbat, Lkhagvajamts"]
[Result "0-1"]
[WhiteElo "2101"]
[BlackElo "2282"]
[PlyCount "84"]
[EventDate "2024.07.03"]
[EventType "swiss"]
[EventRounds "9"]
[EventCountry "USA"]
[SourceTitle "CBM 221 Extra"]
[Source "ChessBase"]
[SourceDate "2024.09.30"]
[SourceVersion "1"]
[SourceVersionDate "2024.09.30"]
[SourceQuality "1"]

1. d4 Nf6 2. c4 e6 3. g3 d5 4. Bg2 Be7 5. Nf3 0-0 6. 0-0 dxc4 7. Qc2 a6 8. a4 Bd7 9. Rd1 Bc6 10. Nc3 Nd5 11. Ne4 Nb4 12. Qb1 Nd7 13. Bd2 a5 14. h4 h6 15. Bc3 Bd5 16. Ned2 f5 17. Bxb4 Bxb4 18. Qc2 Nb6 19. Ne5 Bxg2 20. Kxg2 Qxd4 21. Ndxc4 Qc5 22. Rac1 Nd5 23. e3 Rad8 24. Kg1 c6 25. Qb3 Rfe8 26. Ng6 Qa7 27. Nce5 Bd6 28. Kh2 Qb8 29. f4 Bxe5 30. Nxe5 Nf6 31. Qb6 Rd5 32. Rxd5 exd5 33. Qxa5 Rxe5 34. fxe5 Qxe5 35. Qd2 Ng4+ 36. Kh3 Nxe3 37. Qe2 Qe4 38. a5 d4 39. b4 d3 40. Qf2 Qg4+ 41. Kh2 Qd4 42. Qd2 f4 0-1

[Event "Titled Tuesday intern op 04th Jun Late"]
[Site "Chess.com INT"]
[Date "2024.06.04"]
[Round "3"]
[White "Ochirbat, Lkhagvajamts"]
[Black "Torres, Yelfry"]
[Result "1-0"]
[WhiteElo "2282"]
[BlackElo "2061"]
[PlyCount "63"]
[EventDate "2024.06.04"]
[EventType "swiss (blitz)"]
[EventRounds "11"]
[EventCountry "USA"]
[SourceTitle "EXT 2025"]
[Source "ChessBase"]
[SourceDate "2024.10.14"]
[SourceVersion "1"]
[SourceVersionDate "2024.10.14"]
[SourceQuality "1"]

1. d4 d6 2. Nf3 Nf6 3. g3 Nbd7 4. Bg2 e5 5. c4 c6 6. Nc3 Be7 7. e4 0-0 8. 0-0 a6 9. a4 a5 10. Qc2 Re8 11. Rd1 Qc7 12. h3 h6 13. Be3 b6 14. Nh4 Bf8 15. Nf5 Ba6 16. b3 Rad8 17. Rd2 Bb7 18. Rad1 Kh7 19. f4 g6 20. dxe5 dxe5 21. Nd6 Bxd6 22. Rxd6 Nd5 23. exd5 Qxd6 24. dxc6 Qc7 25. cxb7 Nc5 26. Nd5 Qd6 27. fxe5 Qxe5 28. Bd4 Rxd5 29. Bxe5 Rdxe5 30. Qf2 Kg7 31. Rf1 f6 32. Qxf6+ 1-0

[Event "Titled Tuesday intern op 02nd Jan Late"]
[Site "Chess.com INT"]
[Date "2024.01.02"]
[Round "8"]
[White "Ochirbat, Lkhagvajamts"]
[Black "Osmak, Iulija"]
[Result "0-1"]
[WhiteElo "2190"]
[BlackElo "2450"]
[PlyCount "94"]
[EventDate "2024.01.02"]
[EventType "swiss (blitz)"]
[EventRounds "11"]
[EventCountry "USA"]
[SourceTitle "EXT 2025"]
[Source "ChessBase"]
[SourceDate "2024.10.14"]
[SourceVersion "1"]
[SourceVersionDate "2024.10.14"]
[SourceQuality "1"]

1. d4 d6 2. Nf3 Bg4 3. c4 c6 4. Nc3 Bxf3 5. exf3 e6 6. Be2 d5 7. cxd5 cxd5 8. 0-0 Nf6 9. f4 g6 10. Be3 Bd6 11. Qb3 Qb6 12. Nb5 0-0 13. Nxd6 Qxd6 14. Qxb7 Nc6 15. Rac1 Ne7 16. Qc7 Nf5 17. Qxd6 Nxd6 18. Rc6 Nf5 19. Rfc1 Rfb8 20. b3 a5 21. Bd1 Kg7 22. g4 Ne7 23. Rc7 Nc8 24. h3 Nd6 25. R7c6 Nfe8 26. Kf1 a4 27. bxa4 Nc4 28. Bb3 Ned6 29. f5 gxf5 30. Bf4 Rd8 31. Bxc4 Nxc4 32. gxf5 Rxa4 33. fxe6 fxe6 34. Rxe6 Rxa2 35. Rc3 Kf7 36. Rh6 Ra1+ 37. Kg2 Rg8+ 38. Bg3 Rg7 39. Rh5 Ke6 40. Rf3 Rd1 41. Rh6+ Kd7 42. Rf4 Nd2 43. Rg4 Rf7 44. Rg5 Nf3 45. Rxd5+ Ke8 46. Re6+ Kf8 47. Bd6+ Kg8 0-1

[Event "Titled Tuesday intern op 30th Aug Early"]
[Site "Chess.com INT"]
[Date "2022.08.30"]
[Round "10"]
[White "Buscar, Michael"]
[Black "Ochirbat, Lkhagvajamts"]
[Result "0-1"]
[WhiteElo "2041"]
[BlackElo "2119"]
[PlyCount "94"]
[EventDate "2022.08.30"]
[EventType "swiss (blitz)"]
[EventRounds "11"]
[EventCountry "USA"]
[SourceTitle "EXT 2023"]
[Source "ChessBase"]
[SourceDate "2022.10.05"]
[SourceVersion "1"]
[SourceVersionDate "2022.10.05"]
[SourceQuality "1"]

1. Nf3 d5 2. g3 Nf6 3. Bg2 e6 4. 0-0 Be7 5. d3 0-0 6. Nbd2 b6 7. e4 dxe4 8. dxe4 Bb7 9. Re1 Nbd7 10. Qe2 e5 11. Nh4 g6 12. Nf1 c6 13. Bh6 Re8 14. Rad1 Qc7 15. Ne3 Nc5 16. Ng4 Nxg4 17. Qxg4 Bc8 18. Nf5 Bf6 19. Be3 Ne6 20. Nh6+ Kf8 21. Qf3 Bg7 22. Ng4 Qe7 23. Bh6 Nd4 24. Bxg7+ Kxg7 25. Rxd4 Bxg4 26. Qxg4 exd4 27. e5 Qc5 28. Qf4 Re6 29. Bh3 Rae8 30. Bxe6 Rxe6 31. Re2 Qc4 32. Qe4 c5 33. b3 Qc3 34. f4 Qa1+ 35. Kg2 Qd1 36. Kf2 b5 37. f5 gxf5 38. Qxf5 Qh1 39. Qg5+ Rg6 40. Qh4 c4 41. e6 fxe6 42. Qxd4+ Rf6+ 43. Ke3 Qg1+ 44. Ke4 Qh1+ 45. Ke5 Qf3 46. Kd6 e5+ 47. Kxe5 Qf5# 0-1

[Event "Titled Tuesday intern op 30th Aug Early"]
[Site "Chess.com INT"]
[Date "2022.08.30"]
[Round "6"]
[White "Harshavardhan, GB."]
[Black "Ochirbat, Lkhagvajamts"]
[Result "1-0"]
[WhiteElo "2429"]
[BlackElo "2119"]
[PlyCount "57"]
[EventDate "2022.08.30"]
[EventType "swiss (blitz)"]
[EventRounds "11"]
[EventCountry "USA"]
[SourceTitle "EXT 2023"]
[Source "ChessBase"]
[SourceDate "2022.10.05"]
[SourceVersion "1"]
[SourceVersionDate "2022.10.05"]
[SourceQuality "1"]

1. d4 Nf6 2. c4 e6 3. Nc3 Bb4 4. e3 Nc6 5. Bd3 e5 6. d5 Bxc3+ 7. bxc3 Ne7 8. Ne2 d6 9. h3 Bf5 10. f4 Bxd3 11. Qxd3 Nd7 12. 0-0 0-0 13. f5 Nc5 14. Qc2 Qd7 15. f6 gxf6 16. Rxf6 Qa4 17. Qxa4 Nxa4 18. e4 Nc5 19. Ng3 Nd7 20. Rf3 a6 21. Bh6 Rfe8 22. Raf1 f6 23. Nh5 Ng6 24. Nxf6+ Nxf6 25. Rxf6 Re7 26. g3 b5 27. h4 bxc4 28. h5 Nh8 29. Rf8+ 1-0

[Event "Titled Tuesday intern op 23rd Aug Early"]
[Site "Chess.com INT"]
[Date "2022.08.23"]
[Round "4"]
[White "Ciuffoletti, Paolo"]
[Black "Ochirbat, Lkhagvajamts"]
[Result "0-1"]
[WhiteElo "2106"]
[BlackElo "2119"]
[PlyCount "110"]
[EventDate "2022.08.23"]
[EventType "swiss (blitz)"]
[EventRounds "11"]
[EventCountry "USA"]
[SourceTitle "EXT 2023"]
[Source "ChessBase"]
[SourceDate "2022.10.05"]
[SourceVersion "1"]
[SourceVersionDate "2022.10.05"]
[SourceQuality "1"]

1. e3 Nf6 2. d4 e6 3. c4 d5 4. Nc3 Be7 5. Nf3 0-0 6. Bd3 dxc4 7. Bxc4 a6 8. a3 b5 9. Ba2 c5 10. 0-0 cxd4 11. exd4 Bb7 12. Bg5 h6 13. Bh4 Nc6 14. Re1 Ne8 15. Bg3 Bf6 16. d5 exd5 17. Bxd5 Bxc3 18. bxc3 Nf6 19. Bb3 Na5 20. Qc2 Nxb3 21. Qxb3 Bxf3 22. gxf3 Qd5 23. Qxd5 Nxd5 24. Be5 Rac8 25. a4 b4 26. cxb4 Nxb4 27. Bd6 Nc2 28. Bxf8 Nxe1 29. Rxe1 Kxf8 30. Rb1 Rc4 31. Rb8+ Ke7 32. Rb7+ Ke8 33. Rb8+ Kd7 34. Rb7+ Rc7 35. Rb6 Rc6 36. Rb4 Ke6 37. Kf1 Kd5 38. Rb7 Rf6 39. Ke2 g5 40. a5 Kc5 41. Ke3 Re6+ 42. Kd3 f5 43. Ra7 Rd6+ 44. Ke3 Kb5 45. Rf7 Rd5 46. Rf6 Kxa5 47. Rxh6 Kb5 48. Rg6 a5 49. Rxg5 f4+ 50. Kxf4 Rxg5 51. Kxg5 a4 52. f4 a3 53. f5 a2 54. f6 a1Q 55. f7 Qg7+ 0-1

[Event "Titled Tuesday intern op 23rd Aug Early"]
[Site "Chess.com INT"]
[Date "2022.08.23"]
[Round "7"]
[White "Ochirbat, Lkhagvajamts"]
[Black "Zemlyanskii, Ivan"]
[Result "0-1"]
[WhiteElo "2119"]
[BlackElo "2257"]
[PlyCount "68"]
[EventDate "2022.08.23"]
[EventType "swiss (blitz)"]
[EventRounds "11"]
[EventCountry "USA"]
[SourceTitle "EXT 2023"]
[Source "ChessBase"]
[SourceDate "2022.10.05"]
[SourceVersion "1"]
[SourceVersionDate "2022.10.05"]
[SourceQuality "1"]

1. d4 Nf6 2. Nf3 e6 3. g3 d5 4. Bg2 c5 5. 0-0 cxd4 6. Nxd4 e5 7. Nb3 Be6 8. c4 Nc6 9. cxd5 Nxd5 10. e4 Ndb4 11. Bd2 Be7 12. a3 Nd3 13. Bc3 Nxb2 14. Qc2 Nc4 15. Rd1 Qb6 16. N3d2 Nxd2 17. Nxd2 0-0 18. Rab1 Qc7 19. Bb4 Rac8 20. Bxe7 Qxe7 21. Qb2 b6 22. Nf3 Bg4 23. Rd3 Bxf3 24. Bxf3 Nd4 25. Bd1 Rc5 26. Rc1 Rfc8 27. Rdc3 g6 28. a4 R8c6 29. a5 Qc7 30. axb6 axb6 31. Rxc5 Rxc5 32. Ra1 Kg7 33. Qd2 Rc2 34. Bxc2 Nf3+ 0-1

[Event "Fide Inter Con Cup U18"]
[Site "Tornelo INT"]
[Date "2020.10.10"]
[Round "2"]
[White "Ochirbat, Lkhagvajamts"]
[Black "Lazavik, Denis"]
[Result "0-1"]
[WhiteElo "2119"]
[BlackElo "2030"]
[PlyCount "94"]
[EventDate "2020.10.10"]
[EventType "swiss (rapid)"]
[EventRounds "6"]
[EventCountry "NET"]
[SourceTitle "EXT 2022"]
[Source "ChessBase"]
[SourceDate "2021.10.06"]
[SourceVersion "1"]
[SourceVersionDate "2021.10.06"]
[SourceQuality "1"]

1. d4 d5 2. c4 c6 3. Nc3 Nf6 4. e3 g6 5. Nf3 Bg7 6. Bd3 0-0 7. 0-0 Bg4 8. h3 Bxf3 9. Qxf3 e6 10. Rd1 Nbd7 11. Qe2 Qe7 12. e4 dxe4 13. Nxe4 Nxe4 14. Bxe4 Rad8 15. Be3 Nf6 16. Bf3 Rd7 17. Rd2 Rfd8 18. Rad1 a6 19. b3 h6 20. g3 Kh7 21. Kg2 a5 22. Rd3 a4 23. Qc2 axb3 24. axb3 Ra8 25. Bf4 Ne8 26. Be5 Rad8 27. Bxg7 Kxg7 28. Qc3 Qf6 29. b4 Nd6 30. d5 Qxc3 31. Rxc3 cxd5 32. cxd5 e5 33. Rc5 f5 34. Rdc1 Kf6 35. Rc7 e4 36. Be2 Ke5 37. R7c5 g5 38. h4 gxh4 39. gxh4 Rg7+ 40. Kf1 Rdg8 41. Ke1 f4 42. Kd2 Rg2 43. Rc7 Rxf2 44. Re7+ Kd4 45. Re6 Rgg2 46. Re1 Kxd5 47. Re7 f3 0-1

[Event "Titled Tuesday intern op 18th Aug"]
[Site "Chess.com INT"]
[Date "2020.08.18"]
[Round "1"]
[White "Lintchevski, Daniil"]
[Black "Ochirbat, Lkhagvajamts"]
[Result "0-1"]
[WhiteElo "2559"]
[BlackElo "2119"]
[PlyCount "64"]
[EventDate "2020.08.18"]
[EventType "swiss (blitz)"]
[EventRounds "10"]
[EventCountry "USA"]
[SourceTitle "CBM 197 Extra"]
[Source "ChessBase"]
[SourceDate "2020.09.30"]
[SourceVersion "1"]
[SourceVersionDate "2020.09.30"]
[SourceQuality "1"]

1. e4 e6 2. d4 d5 3. Nc3 dxe4 4. Nxe4 Nd7 5. g3 Ngf6 6. Nxf6+ Nxf6 7. Bg2 Be7 8. Nf3 0-0 9. 0-0 c6 10. c4 Qa5 11. Bd2 Bb4 12. Bxb4 Qxb4 13. Qb3 Qxb3 14. axb3 Rd8 15. Rfd1 Bd7 16. Ne5 Be8 17. f4 Nd7 18. Kf2 f6 19. Nd3 Bg6 20. Nc5 Nxc5 21. dxc5 Kf7 22. Rxd8 Rxd8 23. Rxa7 Rd2+ 24. Kf3 Bh5+ 25. g4 Bxg4+ 26. Kg3 Bf5 27. Bxc6 Rxb2 28. Rxb7+ Kg6 29. Be8+ Kh6 30. c6 Be4 31. Rb6 Rg2+ 32. Kh3 Rg1 0-1